000 00959nam a22003137a 4500
001 BR2014007808
003 BR-BrBNA
005 20230928104550.0
007 ta
008 230509b bl.||||| |||| 00| 0 por d
040 _aBR-BrBNA
_bpor
_cBiblioteca Nacional de Agricultura
041 _a(Por)
072 _aQ02
090 _ Q02 BR2014007808
100 1 _aLima Júnior, F.A. de
110 1 _aUniversidade Federal de Lavras, MG (Brasil)
_0Tese (Mestrado)
245 1 _aDesenvolvimento de processos de extração de hidrocoloides do ora-pro-nóbis (Pereskia aculeata Miller)
260 3 _aLavras, MG (Brasil):
_c2011.
300 _a129 p.
500 _aSummaries (Eng, Por); Bibliography p.122-129; 7 illus.; 36 tables; 25 graphs
650 _aORA PRO NOBIS
650 _aGOMA
650 _aEXTRACAO
650 _aPERESKIA ACULEATA
650 _aEMULSAO
650 _aESPESSANTE
909 _a202309
_bLucia
_c55
_dLucia Elande
942 _cBK
999 _c80605
_d80605